Quiz sur les primes dans One Piece - Statistiques

Statistiques générales
  • Ce quiz a été pris 467 fois
    452 depuis la dernière actualisation
  • Le résultat moyen est 8 sur 15
Statistiques - réponses
Question Réponse % Correct
Quelle est la prime de Chopper 100 berrys
80%
Quelle était la prime de Roronoa Zoro après Enies Lobby ? 120.000.000 berrys
80%
Quelle est la prime de Brook ? 83.000 berrys
73%
A qui appartient la plus basse prime maintenant ? Chopper
70%
Quelle était la prime de Marshall D Teach avant de devenir Empereur ? 0 berrys
63%
Quelle est la prime de Doflamingo ? 340.000.000 berrys
60%
Quelle est la prime de Sabo ? 602.000 berrys
59%
Quelle était la prime de Gol D Roger 5.564.800.000
51%
Quelle est la prime de Francky ? 94.000 berrys
46%
Quelle est la prime de Capone Bege ? 350.000.000 berrys
43%
Quelle est la prime de Alvida ? 5.000.000 berrys
41%
Quelle est la prime de Shanks ? 4.048.900.000 berrys
38%
Quelle est la prime de Bartolomeo ? 200.000.000 berrys
33%
Quelle est la prime de Usopp ? 300.000.000 berrys
33%
Quelle est la prime de Diamante ? 99.000 berrys
25%
Aucun quiz correspondant
Distribution des résultats
% des personnes avec chaque résultat
Percentile par nombre de réponses
Votre historique - résultats
Vous n’avez pas pris ce quiz depuis la dernière actualisation